000 00728nam a2200205 a 4500
001 1119
003 CO-ViMGA
008 141112s2004 ck r 000 u spa d
040 _aCO-ViMGA
_bspa
_cCO-ViMGA
082 0 4 _aMEVIECAR.6424 L691
100 1 _aLozano Prada, Jose Luis
_949195
245 1 0 _aGuía práctica del quattro pro :
_bversión 5.0 para DOS
260 _aMaracaibo :
_bUnidata,
_c1994
300 _a275 p : il
505 _aIniciación al Quattro Pro 14 - - Manipulando archivos 47 - - Estableciendo formatos 81 - - Importando archivos 204 - - Introducción a los Macros 250
590 _aDatos de inventario : 05742
650 1 4 _aLENGUAJE DE PROGRAMACION
650 1 4 _aQUATTRO PRO
_949197
942 _2ddc
_cBK
999 _c13342
_d13342